| 000 | 00615nam a2200205 a 4500 | ||
|---|---|---|---|
| 005 | 20140310183605.0 | ||
| 008 | 120611s19uu xx 00 eng d | ||
| 020 | _a9780470688533 | ||
| 050 |
_aPN 1997 _b.B581 2010 |
||
| 100 | _aBibb, Sally | ||
| 245 |
_aThe right thing : _ban everyday guide to ethics in business / _cSally Bibb. |
||
| 260 |
_aWest Sussex, United Kingdom : _bA John Wiley and Sons Ltd, _c2010. |
||
| 300 |
_a214 p. : _c20 cm. |
||
| 500 | _aIncludes indes | ||
| 521 | _aBSBA | ||
| 650 | _aBusiness ethics | ||
| 650 |
_aIndustries _xSocial aspects |
||
| 942 |
_cBK _2lcc _kFOR |
||
| 999 |
_c25149 _d25149 |
||